000 00877nam a2200277 i 4500
001 C2-0322920
003 PPAK
005 20180728121712.0
008 130918s2013 my a|||| ||||| | may d
020 _a9789670330464
040 _aPPAK
_beng
_cPPAK
_erda
082 0 4 _a959.5
_223
090 0 0 _a959.5
_bBID
_dK
245 0 0 _aBidang keberhasilan utama negara (NKRA)
264 1 _aCheras :
_bEdumark Distributors ,
_c2013
300 _a44 pages :
_billustrations ;
_c26 cm
336 _2rdacontent
_atext
337 _2rdamedia
_aunmediated
338 _2rdacarrier
_avolume
490 1 _aSiri penggerak transformasi (Janji ditepati)
500 _aMengandungi latihan
650 1 0 _aMalaysia - Social policy. ; Malaysia - Social conditions.
700 0 _aNurul 'Ula Noor 'Aaisa,
_ecompile
830 0 _aSiri penggerak transformasi (Janji ditepati)
942 _ddc
_cB
999 _c123143
_d123143